00603 2200217 4500001002100000005001700021008004100038035002400079082001100103090002200114100003900136245007100175250001100246260004200257300001800299650001700317850001500334980001500349985000600364999001500370YOGYA-0209000004140020090227025751.0 ind  0010-020900000041400 a153.43 a153.43bInd GlQT aINDONESIA. Departemen Dalam Negeri aGaris kebijaksanaan Menteri Dalam negericDepartem,en Dalam negeri aCet. 1 aJakartabDepartemen Dalam negeric19. a79 hlmc32 cm aPertimbangan aYOPDYOG(B) a23-01-2008 a1 a07A0027371